Znalecká činnosť v neziskových organizáciách

Príspevok upozorňuje na najčastejšie prípady, kedy môže nastať potreba vypracovania znaleckého posudku. Znalecká činnosť pri založení neziskovej organizácie. Znalecká činnosť pri zrušení neziskovej organizácie.

Salvato in:
Dettagli Bibliografici
Autore principale: Majdúchová, Helena, 1963-
Natura: Capitolo di libro
Lingua:slovacco
Soggetti:
Tags: Aggiungi Tag
Nessun Tag, puoi essere il primo ad aggiungerne!!

MARC

LEADER 00000naa$a2200000$$$4500
001 0015690
005 20240502071402.3
041 0 |a slo 
044 |a SK 
245 1 0 |a Znalecká činnosť v neziskových organizáciách  |c Helena Majdúchová 
520 |a Príspevok upozorňuje na najčastejšie prípady, kedy môže nastať potreba vypracovania znaleckého posudku. Znalecká činnosť pri založení neziskovej organizácie. Znalecká činnosť pri zrušení neziskovej organizácie. 
610 2 0 |a organizácie neziskové 
610 2 0 |a hodnota 
610 2 0 |a znalci 
610 2 0 |a majetok 
610 2 0 |a likvidácia 
610 2 0 |a založenie podniku 
610 2 0 |a nadácie 
100 1 |a Majdúchová, Helena, 1963-